000
00240nam a2200097Ia 4500
008
230508s2008 xx 000 0 und d
041
_a
eng
100
_a
SEDHA R S
245
_a
TEXTBOOK OF APPLIED ELECTRONICS
260
_b
S CHAND
_c
2008
_g
2008
999
_c
326901
_d
326901